A Positive woman's survival kit / (Record no. 8489)
[ view plain ]
| 000 -LEADER | |
|---|---|
| fixed length control field | 00623cam a22002052 4500 |
| 001 - CONTROL NUMBER | |
| control field | 0000013222 |
| 005 - DATE AND TIME OF LATEST TRANSACTION | |
| control field | 20151217152124.0 |
| 008 - FIXED-LENGTH DATA ELEMENTS--GENERAL INFORMATION | |
| fixed length control field | 090706s xx 000 0 eng d |
| 040 ## - CATALOGING SOURCE | |
| Original cataloging agency | KABU |
| Transcribing agency | KABU |
| 110 2# - MAIN ENTRY--CORPORATE NAME | |
| Corporate name or jurisdiction name as entry element | International Community of Women Living with HIV/AIDS. |
| -- | 0000170377 |
| 245 12 - TITLE STATEMENT | |
| Title | A Positive woman's survival kit / |
| Statement of responsibility, etc. | ICW. |
| 250 ## - EDITION STATEMENT | |
| Edition statement | 1stLondon ed. |
| 260 ## - PUBLICATION, DISTRIBUTION, ETC. (IMPRINT) | |
| Place of publication, distribution, etc. | London : |
| Name of publisher, distributor, etc. | ICW, |
| Date of publication, distribution, etc. | 1999. |
| 300 ## - PHYSICAL DESCRIPTION | |
| Extent | 46 p. ; |
| Dimensions | cm. |
| 500 ## - GENERAL NOTE | |
| General note | With 9 Fact Sheets. |
| 650 #0 - SUBJECT ADDED ENTRY--TOPICAL TERM | |
| Topical term or geographic name as entry element | HIV-positive women. |
| -- | 0000170378 |
| 852 1# - LOCATION | |
| -- | p1000 KES |
| 908 ## - PUT COMMAND PARAMETER (RLIN) | |
| Put command parameter | 090706 |
| 950 ## - LOCAL HOLDINGS (RLIN) | |
| -- | 1 |
| Withdrawn status | Lost status | Source of classification or shelving scheme | Not for loan | Home library | Current library | Date acquired | Total Checkouts | Full call number | Barcode | Date last seen | Price effective from | Koha item type |
|---|---|---|---|---|---|---|---|---|---|---|---|---|
| Library of Congress Classification | Kabarak, Main Campus | Kabarak, Main Campus | 17/12/2015 | HV644 .A25P68 1999 c. 1 | 17923 | 17/12/2015 | 17/12/2015 | General Collection |